000 00375nam a2200145 a 4500
001 728
003 CDMR
005 20130116135157.0
008 130130s1977||||||||||||||||||||||||||||d
040 _aCDMR
_bcat
_cCDMR
100 1 _aHaensch, Günther
_9564
245 1 0 _aDiccionario alemán
_bI. Alemán-español II. Español-alemán
260 _aBarcelona
_c1977
_bHerder
942 _cMON
999 _c728
_d728